000 00611nam a22001817a 4500
008 130821s1914 fr gr fre
040 _aCo-BoUCM
_bspa
041 0 0 _afre
100 _aF.G.M..
_991724
245 0 0 _aCours de cosmographie
_bAvec une carte céleste et un recueil de'exercices pour la classe de mathématiques
_cF.G.M
260 _aParís (Francia)
_bTours
_c1914
300 _a336 páginas
650 0 4 _aCosmografía
_912047
650 0 4 _aGeografía matemática
_916352
650 0 4 _aTierra
_925466
942 _cLIBRO
_a25
_e1
_mG53
_n0
_2DEWEY
_h523
999 _c87489
_d87489